Estudio de arenas sílicas para moldeo
Gorde:
| Egile nagusia: | |
|---|---|
| Beste egile batzuk: | , |
| Formatua: | Ezezaguna |
| Argitaratua: |
[San José, Costa Rica]
1976
|
| Etiketak: |
Etiketa erantsi
Etiketarik gabe, Izan zaitez lehena erregistro honi etiketa jartzen!
|
MARC
| LEADER | 00000 a2200000 4500 | ||
|---|---|---|---|
| 003 | 011033 | ||
| 005 | 20221231143803.0 | ||
| 008 | 140114s1976 c a m 000 ||s d | ||
| 040 | |c cru CEDI | ||
| 090 | |a TFG 082-75 | ||
| 100 | |a Ureña Castro, Luis Felipe |9 17170 | ||
| 245 | |a Estudio de arenas sílicas para moldeo | ||
| 260 | |c 1976 |a [San José, Costa Rica] | ||
| 300 | |a 64 hojas ; ilustraciones, 4 planos, 1 mapa | ||
| 500 | |a Trabajo de Graduación. Universidad de Costa Rica. Facultad de Ingeniería. Ingeniería Mecánica | ||
| 501 | |a Ed. mimeografiada | ||
| 700 | |9 17171 |a Fernández L, Juan Manuel | ||
| 700 | |9 17172 |a Solis B, Edgar Allan | ||
| 942 | |c TFG | ||
| 999 | |c 11966 |d 11966 | ||
